Коляне (Запись № 987927)

Подробности
000 -МАРКЕР
контрольное поле 01558nam1a2200373 i 4500
001 - ИДЕНТИФИКАТОР ЗАПИСИ
контрольное поле RU\NLR\bibl\1670803
005 - ИДЕНТИФИКАТОР ВЕРСИИ
контрольное поле 20260406065554.0
035 ## - ДРУГИЕ СИСТЕМНЫЕ НОМЕРА
Идентификатор записи (NLR Aleph) 001662064
100 ## - ДАННЫЕ ОБЩЕЙ ОБРАБОТКИ
Данные общей обработки 20100902g20109999k y0rusy50 ca
101 0# - ЯЗЫК РЕСУРСА
Язык текста, звукозаписи и т.д. русский
102 ## - СТРАНА ПУБЛИКАЦИИ ИЛИ ПРОИЗВОДСТВА
Страна публикации Российская Федерация
105 ## - ПОЛЕ КОДИРОВАННЫХ ДАННЫХ: ТЕКСТОВЫЕ МАТЕРИАЛЫ, МОНОГРАФИЧЕСКИЕ
Кодированные данные о монографическом текстовом документе ||||z |||||
200 1# - ЗАГЛАВИЕ И СВЕДЕНИЯ ОБ ОТВЕТСТВЕННОСТИ
Основное заглавие Коляне
Сведения, относящиеся к заглавию (XIX - первая четверть XX в.)
-- историко-генеалогический атлас
-- [в 2 ч.]
Первые сведения об ответственности А.А. Малашенков, П.В. Федоров
Последующие сведения об ответственности М-во образования и науки Рос. Федерации, Мурм. гос. пед. ун-т
210 ## - ПУБЛИКАЦИЯ, РАСПРОСТРАНЕНИЕ И ДР.
Место издания, распространения и т.д. Мурманск
Имя издателя, распространителя и т. д. МГПУ
Дата издания, распространения и т.д. 2010
215 ## - ФИЗИЧЕСКАЯ ХАРАКТЕРИСТИКА
Размеры 30
463 #0 - УРОВЕНЬ ФИЗИЧЕСКОЙ ЕДИНИЦЫ
Встроенное поле 0011666971
463 #0 - УРОВЕНЬ ФИЗИЧЕСКОЙ ЕДИНИЦЫ
Встроенное поле 0011667417
463 #0 - УРОВЕНЬ ФИЗИЧЕСКОЙ ЕДИНИЦЫ
Встроенное поле 0011757172
606 1# - НАИМЕНОВАНИЕ ТЕМЫ КАК ПРЕДМЕТ
Наименование темы Генеалогия
Формальный подзаголовок Атласы
Географический подзаголовок Мурманская область
Системный номер авторитетной/нормативной записи 2608391
Идентификатор авторитетной/нормативной записи RU\NLR\auth\661544949
607 ## - ГЕОГРАФИЧЕСКОЕ НАИМЕНОВАНИЕ КАК ПРЕДМЕТ
Географическое наименование Кола, город (Мурманская область)
Формальный подзаголовок Атласы
Системный номер авторитетной/нормативной записи 1468783
Идентификатор авторитетной/нормативной записи RU\NLR\auth\66314527
686 ## - ИНДЕКСЫ ДРУГИХ КЛАССИФИКАЦИЙ
Индекс Т3(2Р-4Му-2К)я6
686 ## - ИНДЕКСЫ ДРУГИХ КЛАССИФИКАЦИЙ
Индекс Т214(2)я6
700 #1 - ИМЯ ЛИЦА - ПЕРВИЧНАЯ ОТВЕТСТВЕННОСТЬ
Начальный элемент ввода Малашенков
Часть имени, кроме начального элемента ввода А. А.
Расширение инициалов личного имени Алексей Анатольевич
Код отношения Автор
701 #1 - ИМЯ ЛИЦА - АЛЬТЕРНАТИВНАЯ ОТВЕТСТВЕННОСТЬ
Код отношения Автор
Материалы, к которым относится поле rus
Графика поля Кириллица
Начальный элемент ввода Федоров
Часть имени, кроме начального элемента ввода П. В.
Дополнения к именам, кроме дат д-р ист. наук
Даты 1976-
Расширение инициалов личного имени Павел Викторович
Идентификатор авторитетной/нормативной записи RU\NLR\AUTH\7725568
Системный номер авторитетной/нормативной записи 8615
801 #0 - ИСТОЧНИК ЗАПИСИ
Страна Российская Федерация
Организация NLR
Дата составления 20100902
Правила каталогизации RCR
801 #1 - ИСТОЧНИК ЗАПИСИ
Страна Российская Федерация
Организация NLR
Дата составления 20100902
830 ## - ОБЩЕЕ ПРИМЕЧАНИЕ, СОСТАВЛЕННОЕ КАТАЛОГИЗАТОРОМ
Текст примечания авт. по кн.
852 ## - МЕСТОНАХОЖДЕНИЕ И ШИФР ХРАНЕНИЯ
Идентификатор организации NLR
Шифр хранения (Call Number) 2010-8/2496
942 ## - ДОПОЛНИТЕЛЬНЫЕ ЭЛЕМЕНТЫ ЗАПИСИ (АБИС)
Тип экземпляра АБИС Книга
980 ## - КОЛЛЕКЦИЯ
Название коллекции Издания по генеалогии и истории семей. Часть 2 (после 1917 г.)
980 ## - КОЛЛЕКЦИЯ
Название коллекции НБР

Нет доступных экземпляров.